000 00515nam a2200181Ia 4500
005 20250326142807.0
008 250326s9999 xx 000 0 und d
037 _aTextbook
040 _aFMSL
_beng
_cFMSL
041 _aeng
_2eng
084 _aY31obX.44 M4
_qFMSL
100 _aBhattacharya S N
_961194
245 0 _aIndian rural economics
_cBhattacharya S N
260 _aNew Delhi
_bNew Delhi, Metropolitan
_c1984
300 _a456p
942 _cTB
_hY31obX.44 M4
999 _c1296659
_d1296659